ბათუმის შოთა რუსთაველის სახელმწიფო უნივერსიტეტის ბიბლიოთეკა

ძველი აღმოსავლეთის ხალხთა ისტორიის ქრესტომათია (ბიბ.ჩანაწერი № 56630)

000 -LEADER
fixed length control field 01156nam a2200229Ia 4500
001 - CONTROL NUMBER
control field 23751
003 - CONTROL NUMBER IDENTIFIER
control field GE_BSU
008 - FIXED-LENGTH DATA ELEMENTS--GENERAL INFORMATION
fixed length control field 181216s||||||||xx |||||||||||||| ||und||
040 ## - CATALOGING SOURCE
Transcribing agency GE_BSU
080 ## - UNIVERSAL DECIMAL CLASSIFICATION NUMBER
Universal Decimal Classification number 94(3-11)
245 ## - TITLE STATEMENT
Title ძველი აღმოსავლეთის ხალხთა ისტორიის ქრესტომათია
245 ## - TITLE STATEMENT
Statement of responsibility, etc. რედ. გრ. გიორგაძე. მხატვ. გ. ლომიძე
250 ## - EDITION STATEMENT
Edition statement საქ. სსრ მეცნ. აკად., ივ. ჯავახიშვილის სახ. ისტორიის, არქეოლოგიისა და ეთნოგრაფიის ინ-ტი
260 ## - PUBLICATION, DISTRIBUTION, ETC.
Place of publication, distribution, etc. თბილისი
260 ## - PUBLICATION, DISTRIBUTION, ETC.
Name of publisher, distributor, etc. მეცნიერება
260 ## - PUBLICATION, DISTRIBUTION, ETC.
Date of publication, distribution, etc. 1990
300 ## - PHYSICAL DESCRIPTION
Extent 375 გვ. ; 22 სმ.
653 ## - INDEX TERM--UNCONTROLLED
Uncontrolled term ძველი აღმოსავლეთის ისტორია - ქრესტომათიები
653 ## - INDEX TERM--UNCONTROLLED
Uncontrolled term ძველი აღმოსავლეთის ხალხთა ისტორიის ქრესტომათია
942 ## - ADDED ENTRY ELEMENTS (KOHA)
Koha item type წიგნი
ეგზემპლარები
Withdrawn status Lost status Damaged status Not for loan Date acquired Barcode Date last seen Price effective from Koha item type
        2018-12-17 28546 2018-12-17 2018-12-17 წიგნი